الكتاب الممنوع : (Record no. 14069)

MARC details
000 -الفاتح
حقل البيانات ثابتة الطول 01446nam a2200337 i 4500
003 - محدد رقم الضبط
رقم الضبط EG-ScBUE
005 - وقت وتاريخ اخر تعامل مع التسجيلة
رقم الضبط 20240707105614.0
008 - عناصر البيانات ثابتة الطول - معلومات عامة
حقل البيانات ثابتة الطول 100610s1991 ua f 000 0 eara d
017 ## - رقم الإيداع القانونى
رقم الإيداع القانونى 1990 / 8857
020 ## - الرقم الدولى المعيارى للكتب
الرقم الدولى المعيارى للكتاب 9770800821
040 ## - مصدر الفهرسة
وكالة الفهرسة الأصلية EG-ScBUE
لغة الفهرسة ara
قواعد الوصف rda
وكالة النسخ EG-ScBUE
وكالة التعديل EG-ScBUE
043 ## - رمز المنطقة الجغرافية
رمز المنطقة الجغرافية f-ua---
082 04 - رقم تصنيف ديوى العشرى
رقم الطبعة 22
رقم التصنيف 962.048
رقم المادة أ م ي
100 1# - المدخل الرئيسى - إسم شخصى
9 (RLIN) 14654
الإسم الشخصى أمين، مصطفى،
التواريخ المصاحبة للاسم 1914-1997‏،
الدور مؤلف.
245 12 - بيان العنوان
العنوان الكتاب الممنوع :
بقية العنوان أسرار ثورة 1919 /
بيان المسئوليه,etc مصطفى أمين ؛ مشرف على التحرير جمال الغيطاني.
264 #1 - النشر، التوزيع
مكان الناشر او الموزع القاهرة :
اسم الناشر او الموزع أخبار اليوم،
تاريخ النشر أو التوزيع 1991.
300 ## - الوصف المادى
التعداد 2 مجلدات ؛
أبعاد الوعاء 24 سم.
336 ## - نوع المحتوى
source rdacontent
Carrier Type Term نص
Content Type Code txt
337 ## - نوع الوسيط
Media Type Term بدون وسيط
source rdamedia
Media Type Code n
338 ## - نوع الحامل أو الناقل
Carrier Type Term مجلد
Carrier Type Code nc
source rdacarrier
490 0# - بيان السلسلة
عنوان السلسلة مطبوعات كتاب اليوم ؛
رقم المجلد/ التعيين التسلسلي ع 5
500 ## - تبصرة عامة
تبصرة عامة يتضمن عدد من الوثائق الخطية لسعد زغلول وآخرين.
505 1# - تبصرة محتويات-الفهرس
تبصرة المحتويات المصاغة الجزء الثاني.
541 ## - تبصرة المصدر المباشر للتزويد
طريقة التزويد إهداء ؛
مصدر التزويد علاء عبد الغني.
600 17 - المدخل الاضافى بالموضوع-اسم شخصى
9 (RLIN) 14752
الإسم الشخصى زغلول، سعد
التواريخ المصاحبة للاسم 1857-1927.
مصدر الرأس أو المصطلح BUEsh
651 #7 - المدخل الاضافى بالموضوع - اسم جغرافى
9 (RLIN) 11380
الاسم الجغرافي مصر
التقسيم الفرعي العام تاريخ
التقسيم الفرعي الزمني العصر الحديث
-- الاحتلال البريطاني 1882-1956.
مصدر الرأس أو المصطلح BUEsh
651 #7 - المدخل الاضافى بالموضوع - اسم جغرافى
9 (RLIN) 14751
الاسم الجغرافي مصر
التقسيم الفرعي العام تاريخ
التقسيم الفرعي الزمني العصر الحديث
-- ثورة 1919.
مصدر الرأس أو المصطلح BUEsh
655 ## - مصطلح تكشيفى-نوع/شكل
التقسيم الفرعي الشكلي Reading book
700 1# - المدخل الاضافى - اسم شخصى
9 (RLIN) 13713
الإسم الشخصى غيطاني، جمال،
الدور مشرف.
942 ## - عناصر المدخل الإضافي( كوها)
مصدر التصنيف او مخطط الترفيف Dewey Decimal Classification
Koha [default] item type Book - Borrowing
Holdings
حالة التراجع حالة الفقد مصدر التصنيف او خطة الترفيف تحديد مواد ( مجلدات مجمعه أو جزء أخر) حالة تلف ليس للاعارة مجموعات كوها المكان الدائم المكان الحالي موقع الترفيف تاريخ الاكتساب Source of acquisition رقم الاستدعاء الباركود Date last seen مُعار نوع الوعاء
    Dewey Decimal Classification     Alahram Central Library Central Library Second Floor 10/06/2010 Purchase 962.048 أ م ي 000020997 15/07/2025 24/10/2018 Book - Borrowing